00529nam a2200157Ia 450000500170000000800410001704100080005808200160006610000320008224500390011426000370015330000090019065000220019999900190022195201310024020250729165756.0250729s2017 xx 000 0 und d aeng a372.25 RAMT aRamachandraiah B .R9232703 aThe Essence of Inclusive Education aMysorebVismaya Prakashanac2017 a271p aEducation9232704 c239915d239915 00104070aALbALd2025-07-29eManagement Bookg240.00l0o372.25 RAMTpBED05234r2025-07-29 16:57:56v240.00w2025-07-29yBK